000 01238nac a22003135a 4500
008 150817t2006 n a frb 001 0 eng d
010 _a 2005041626
020 _a0072989904 (alk. paper)
_z0071116702
040 _aEG-ScBUE
_beng
_cEG-ScBUE
082 0 4 _a658.4012
_bTHO
_222
100 1 _aThompson, Arthur A.,
_94577
245 1 0 _aStrategy :
_bwinning in the marketplace : core concepts, analytical tools, cases /
_cArthur A. Thompson, John E. Gamble, A.J. Strickland.
250 _a2nd ed.
260 _aNew York :
_bMcGraw-Hill,
_cc.2006.
300 _a1 v. (various pagings) :
_bill. (col.) ;
_c26 cm.
500 _aDistributer: Baccah.
504 _aIncludes bibliographical references and indexes.
590 _aCatalogued By: Mostafa El-Helaly
650 0 _aStrategic planning.
_2BUEsh
650 0 _aIndustrial management.
_2BUEsh
650 0 _aConglomerate corporations
_xManagement.
_2BUEsh
650 0 _aStrategic planning
_vCase studies.
_2BUEsh
651 _2BUEsh
653 _bBUSECO
_cAugust2015
700 1 _aGamble, John
_q(John E.)
700 1 _aStrickland, A. J.
_q(Alonzo J.)
_94580
856 4 1 _3Table of contents
_uhttp://www.loc.gov/catdir/toc/fy054/2005041626.html
942 _cTB
_k658.4012THO
_2ddc
999 _c8965
_d8964